State Capitals Closest to Minneapolis - Statistics

General Stats
  • This quiz has been taken 109 times
  • The average score is 9 of 10
Answer Stats
Distance (Miles) State Capitols % Correct
233.3 Madison
97%
234.6 Des Moines
96%
350.4 Pierre
96%
8.1 St Paul
96%
383.1 Bismark
94%
402.4 Springfield
89%
427.9 Topeka
83%
445.6 Jefferson City
80%
336.4 Lincoln
80%
460.5 Lansing
79%
No matching quizzes found
Score Distribution
Percent of People with Each Score
Percentile by Number Answered
Your Score History
You have not taken this quiz